000 01708cad a22002415a 4500
001 L153616
008 110810s2011 xxkad f s 000 0 eng d
035 _a(Sirsi) u153616
041 0 _aeng
050 0 4 _a333.33 $2 18
110 2 _aRoyal Institution of Chartered Surveyors
_bEconomics
_95033
245 0 0 _aRICS global commercial property survey
_bQ1 2011
_h[electronic resource]
260 _aLondon
_bRICS
_c2011
490 0 _aRICS Global Commercial Property Survey United Kingdom
_vQ1 2011
520 _aSentiment in global market reflects the spreading economic recovery. The strongest real estate markets continue to be found in non-Japan Asia and Latin America but emerging European markets see further improvements this quarter. Rental outlook turns positive in the US for the first time but deteriorates in the UK, peripheral Europe, Japan and UAE. Capital value expectations rise again in China and Hong Kong and also pick up sharply in Poland and India. The Q1 2011 survey suggests that real estate markets in emerging economies are continuing to outperform those in the more advanced economies.
520 _aSuite of surveys includes regional commercial property surveys for the Americas; Europe; Hong Kong, China and Singapore; India; Oceania, and United Arab Emirates. An additional file reports key comments from RICS member representatives across the world.
590 _aKA
650 2 4 _aRICS GLOBAL COMMERCIAL PROPERTY SURVEY
651 4 _aInternational
690 _aPROPERTY-COMMERCIAL PROPERTY-COMMERCIAL PROPERTY MARKET
856 4 0 _uhttps://www.rics.org/site/scripts/download_info.aspx?downloadID=7245
_zView the suite of surveys free of charge at www.rics.org
942 _n0
999 _c112614
_d112614